Signers Of The US Declaration of Independence - Statistics

General Stats
  • This quiz has been taken 148 times
  • The average score is 13 of 56
Answer Stats
Answer % Correct
Adams, John
94%
Adams, Samuel
94%
Franklin, Benjamin
89%
Jefferson, Thomas
88%
Hancock, John
83%
Smith, James
42%
Lee, Francis Lightfoot
38%
Lee, Richard Henry
38%
Williams, William
31%
Carroll, Charles of Carrollton
26%
Bartlett, Josiah
25%
Paine, Robert Treat
25%
Morris, Lewis
24%
Rutledge, Edward
24%
Harrison, Benjamin
22%
Morris, Robert
22%
Sherman, Roger
22%
Livingston, Philip
21%
Stockton, Richard
21%
Gerry, Elbridge
19%
Hall, Lyman
19%
Rush, Benjamin
19%
Chase, Samuel
17%
Rodney, Caesar
17%
Taylor, George
17%
Wilson, James
17%
Witherspoon, John
17%
Clark, Abraham
15%
Lewis, Francis
15%
Penn, John
15%
Whipple, William
15%
Braxton, Carter
14%
Lynch Jr., Thomas
14%
Hopkins, Stephen
13%
Nelson Jr., Thomas
13%
Stone, Thomas
13%
Clymer, George
11%
Floyd, William
11%
Gwinnett, Button
11%
Hewes, Joseph
11%
Walton, George
11%
Ellery, William
10%
Hart, John
10%
Heyward Jr., Thomas
10%
Hooper, William
10%
Huntington, Samuel
10%
McKean, Thomas
10%
Paca, William
10%
Read, George
10%
Wolcott, Oliver
10%
Wythe, George
10%
Hopkinson, Francis
8%
Middleton, Arthur
8%
Morton, John
8%
Ross, George
8%
Thornton, Matthew
8%
No matching quizzes found
Score Distribution
Percent of People with Each Score
Percentile by Number Answered
Your Score History
You have not taken this quiz